Holiday Quiz

Random Holiday or Halloween Quiz

The Vampire Strikes Back! Quiz Stats

 Plays Quiz Updated Dec 19, 2018

Support Sporcle.
Go Orange.
Score 0/26 Timer 07:00
3 Plays Today
Cast Movie / *TV Series* % Correct
*Sarah Michelle Gellar, Nicholas Brendon, Alyson Hannigan*Buffy The Vampire Slayer
85%
Kristen Stewart, Robert Pattinson, Billy BurkeTwilight
82.4%
Tom Cruise, Brad Pitt, Kirsten DunstInterview With The Vampire
79.3%
Bela Lugosi, Helen Chandler, David MannersDracula
77.3%
*Anna Paquin, Steven Moyer, Rutina Wesley*True Blood
69.4%
Wesley Snipes, Kris Kristofferson, Donal LogueBlade
66.7%
*David Boreanaz, Alexis Denisof, Charisma Carpenter*Angel
55.8%
Kate Beckinsale, Scott Speedman, Michael SheenUnderworld
54.1%
Hugh Jackman, Kate Beckinsale, Richard RoxburghVan Helsing
53.3%
Jason Patric, Kiefer Sutherland, Corey FeldmanThe Lost Boys
49.5%
*Nina Dobrev, Paul Wesley, Ian Somerhalder*Vampire Diaries
49.1%
Harvey Keitel, George Clooney, Quentin TarantinoFrom Dusk Till Dawn
42.9%
Aaliyah, Stuart Townshend, Lena OlinQueen of the Damned
39.9%
Cast Movie / *TV Series* % Correct
Max Shreck, Gustav von Wangenheim, Greta SchröderNosferatu
33%
Josh Hartnett, Melissa George, Danny Huston30 Days of Night
28.1%
*Fred Gwynne, Yvonne DeCarlo, Al Lewis*The Munsters
24.5%
Leslie Nielsen, Peter MacNicol, Steven WeberDracula: Dead And Loving It
23.3%
Jonathan Lipnicki, Richard E Grant, Alice KrigeThe Little Vampire
19.5%
Kåre Hedebrant, Lina Leandersson, Per RagnarLet The Right One In / (Låt den rätte komma in)
17.6%
*Jonathan Frid, Grayson Hall, Nancy Barrett*Dark Shadows
16.4%
Chris Sarandon, William Ragsdale, Roddy McDowallFright Night
15.6%
*Alex O'Loughlin, Sophia Myles, Jason Dohring*Moonlight
14.5%
John Malkovich, Willem DaFoe, Cary ElwesShadow of the Vampire
13.9%
David Soul, James Mason, Lance KerwinSalem's Lot
13.9%
William Marshall, Vonetta McGee, Denise Nicholas Blacula
13.3%
George Hamilton, Susan St James, Richard BenjaminLove At First Bite
12%

From the Vault

Album by First 3 Songs II

by chief7575

Music 3m
By the first three songs you've normally made your mind up.
Remove Ads.
Support Sporcle.
Get the best of Sporcle when you Go Orange. This ad-free experience offers more features, more stats, and more fun while also helping to support Sporcle. Thank you for becoming a member.

Show Comments

Extras

Top Quizzes Today


Score Distribution

Your Account Isn't Verified!

In order to create a playlist on Sporcle, you need to verify the email address you used during registration. Go to your Sporcle Settings to finish the process.

Report this User

Report this user for behavior that violates our Community Guidelines.

Details: